| 000 | 01059nac a22002891i 4500 | ||
|---|---|---|---|
| 003 | EG-ScBUE | ||
| 005 | 20241110103116.0 | ||
| 008 | 241110t1957 nyua f b 001 0 eng d | ||
| 020 | _a0471257095 (v. 1) | ||
| 040 |
_aEG-ScBUE _beng _erda _cEG-ScBUE _dEG-ScBUE |
||
| 082 | 0 | 4 |
_a519.2 _bFEL _222 |
| 100 | 1 |
_aFeller, William, _eauthor. |
|
| 245 | 1 | 3 |
_aAn introduction to probability theory and its applications / _cWilliam Feller, eugene higgins professor of mathematics, Princeton University. |
| 250 | _aSecond edition. | ||
| 264 |
_aNew York : _bWiley, _c[1957] |
||
| 264 | _cc1957 | ||
| 300 |
_a461 pages : _billustrations ; _c24 cm. |
||
| 336 |
_2rdacontent _atext _btxt |
||
| 337 |
_aunmediated _2rdamedia _bn |
||
| 338 |
_avolume _bnc _2rdacarrier |
||
| 490 | 0 | _aWiley publication in mathematical statistics | |
| 504 | _aIncludes bibliographical references and index. | ||
| 650 | 7 |
_aProbabilities. _2BUEsh |
|
| 655 | _vReading book | ||
| 856 | 4 |
_3Table of Contents _uhttp://www.loc.gov/catdir/toc/onix01/57010805.html |
|
| 942 |
_cBB _2ddc |
||
| 999 |
_c4444 _d4444 |
||